| 000 | 00525nam a2200193Ia 4500 | ||
|---|---|---|---|
| 005 | 20250508163653.0 | ||
| 008 | 008 250505s9999 xx 000 0 hin d | ||
| 037 | _aTextual | ||
| 040 |
_aFEDL _beng _cFEDL |
||
| 041 |
_ahin _2eng |
||
| 084 |
_a371.7, SET _qFEDL |
||
| 100 | _aSethi | ||
| 245 | 0 | _aSharirik shiksha tatha khel-kood | |
| 260 |
_aNew Delhi, India _bBajrang Prakashan _c1997 |
||
| 300 | _aviii,304p. | ||
| 700 |
_a Sahgal _9775939 |
||
| 942 |
_cTEXL _h371.7, SET |
||
| 999 |
_c1384616 _d1384616 |
||